|
|
|
|
| LEADER |
00872nam a22002297a 4500 |
| 001 |
AAL |
| 003 |
BD-DhAAL |
| 005 |
20160120204132.0 |
| 008 |
160120s 1996naua|||| |||| 001 0 eng d |
| 020 |
|
|
|a 047114701X
|
| 040 |
|
|
|a BD-DhAAL
|c BD-DhAAL
|
| 082 |
|
|
|a 547.058
|
| 245 |
|
|
|a Organic syntheses :
|b an annual publication of satisfactory methods for the preparation of organic chemicals. Volume 73, 1996
|c Robert K Boeckman
|
| 260 |
|
|
|a New York :
|b John Wiley,
|c ©1996.
|
| 300 |
|
|
|a xxxiv, 353 p. :
|b ill. ;
|c 23 cm.
|
| 490 |
|
|
|a Organic syntheses, 73.
|
| 500 |
|
|
|a Includes index.
|
| 541 |
|
|
|e 725
|
| 650 |
|
|
|a Composés organiques
|x Synthèse.
|9 17486
|
| 942 |
|
|
|2 ddc
|c BK
|
| 999 |
|
|
|c 36654
|d 36654
|
| 952 |
|
|
|0 0
|1 0
|2 ddc
|4 0
|6 547_058000000000000_ORG
|7 0
|9 57660
|a SCL
|b SCL
|c GEN
|d 2016-01-20
|e Gift: The Asia Foundation
|l 0
|o 547.058 ORG
|p 3020000725
|r 2016-01-20
|t 1
|w 2016-01-20
|y BK
|